[Event "Bremen Silvester op"]
[Site "Bremen"]
[Date "2021.12.29"]
[Round "5"]
[White "Garbuszus, Juergen"]
[Black "Knuedel, Torben"]
[Result "0-1"]
[WhiteElo "2024"]
[BlackElo "2187"]
[PlyCount "68"]
[EventDate "2021.12.21"]
[EventType "swiss"]
[EventRounds "7"]
[EventCountry "GER"]
[SourceTitle "CBM 205 Extra"]
[Source "ChessBase"]
[SourceDate "2022.01.31"]
[SourceVersion "1"]
[SourceVersionDate "2022.01.31"]
[SourceQuality "1"]

1. e4 e5 2. Nf3 Nc6 3. Bc4 Nf6 4. d3 Bc5 5. c3 a6 6. Bb3 Ba7 7. 0-0 d6 8. h3 0-0 9. Re1 Kh8 10. d4 Qe8 11. Bg5 Ng8 12. Bc2 f6 13. Be3 Nge7 14. d5 Bxe3 15. fxe3 Nd8 16. Nh4 g5 17. Nf5 Bxf5 18. exf5 Qb5 19. e4 Qxb2 20. Nd2 Qxc3 21. Nb3 c5 22. Kf2 c4 23. Re3 Qb4 24. Nd2 b5 25. h4 Nf7 26. Rh3 Rg8 27. hxg5 Nxg5 28. Rh6 Rg7 29. Nf3 Nxf3 30. Kxf3 Rag8 31. Rh2 Rg3+ 32. Kf2 Qc5+ 33. Kf1 R8g4 34. Qe2 Rf4+ 0-1

[Event "Bremen Silvester op"]
[Site "Bremen"]
[Date "2021.12.29"]
[Round "6"]
[White "Zhou, Lepu Coco"]
[Black "Garbuszus, Juergen"]
[Result "0-1"]
[WhiteElo "1819"]
[BlackElo "2024"]
[PlyCount "104"]
[EventDate "2021.12.21"]
[EventType "swiss"]
[EventRounds "7"]
[EventCountry "GER"]
[SourceTitle "CBM 205 Extra"]
[Source "ChessBase"]
[SourceDate "2022.01.31"]
[SourceVersion "1"]
[SourceVersionDate "2022.01.31"]
[SourceQuality "1"]

1. e4 c5 2. Nf3 Nc6 3. d4 cxd4 4. Nxd4 Nf6 5. Nc3 e5 6. Ndb5 d6 7. Nd5 Nxd5 8. exd5 Nb8 9. c4 Be7 10. Bd3 a6 11. Nc3 0-0 12. 0-0 f5 13. f3 Nd7 14. Kh1 Nf6 15. b4 Nh5 16. Be3 f4 17. Bf2 Rf6 18. Ne4 Rh6 19. c5 Bh4 20. Qe1 Bxf2 21. Qxf2 Ng3+ 22. Nxg3 Rxh2+ 23. Kxh2 Qh4+ 24. Kg1 fxg3 25. Qxg3 Qxg3 26. Rfd1 Bd7 27. Rac1 Rc8 28. c6 Bh3 29. Rc2 bxc6 30. Bxa6 Rc7 31. Bf1 c5 32. bxc5 Rxc5 33. Rxc5 dxc5 34. d6 Bd7 35. Bc4+ Kh8 36. a4 e4 37. fxe4 Qe3+ 38. Kh1 Qxe4 39. Bb5 Qg4 40. Rd5 Be6 41. Rd3 c4 42. Rf3 h5 43. a5 c3 44. Rf8+ Kh7 45. Bd3+ Kh6 46. a6 Qd1+ 47. Bf1 Qxd6 48. Rh8+ Kg5 49. a7 Bd5 50. Be2 g6 51. Bf3 c2 52. Rc8 Qc6 0-1

[Event "Bremen Silvester op"]
[Site "Bremen"]
[Date "2021.12.27"]
[Round "1"]
[White "Garbuszus, Juergen"]
[Black "Knorr, Frank"]
[Result "1-0"]
[WhiteElo "2024"]
[BlackElo "1392"]
[PlyCount "39"]
[EventDate "2021.12.21"]
[EventType "swiss"]
[EventRounds "7"]
[EventCountry "GER"]
[SourceTitle "CBM 205 Extra"]
[Source "ChessBase"]
[SourceDate "2022.01.31"]
[SourceVersion "1"]
[SourceVersionDate "2022.01.31"]
[SourceQuality "1"]

1. d4 f5 2. c4 e6 3. Nf3 Nf6 4. g3 Be7 5. Bg2 0-0 6. 0-0 d6 7. Nc3 Ne4 8. Qc2 Nxc3 9. bxc3 Nc6 10. Rd1 Na5 11. Nd2 c6 12. e4 e5 13. c5 b6 14. cxd6 Bxd6 15. Nb3 Nb7 16. dxe5 Qe7 17. exd6 Nxd6 18. Bf4 Rd8 19. Nd4 Bd7 20. exf5 1-0

[Event "GER-ch NSV Online 1st"]
[Site "Playchess.com INT"]
[Date "2020.04.26"]
[Round "5"]
[White "Hilck, Joerg"]
[Black "Garbuszus, Juergen"]
[Result "0-1"]
[WhiteElo "1828"]
[BlackElo "2025"]
[PlyCount "44"]
[EventDate "2020.04.26"]
[EventType "swiss (blitz)"]
[EventRounds "13"]
[EventCountry "GER"]
[SourceTitle "CBM 196 Extra"]
[Source "ChessBase"]
[SourceDate "2020.07.31"]
[SourceVersion "1"]
[SourceVersionDate "2020.07.31"]
[SourceQuality "1"]

1. e4 c5 2. Nf3 Nc6 3. d4 cxd4 4. Nxd4 Nf6 5. Nc3 e5 6. Ndb5 d6 7. Nd5 Nxd5 8. exd5 Nb8 9. c4 Be7 10. Be3 a6 11. Nc3 0-0 12. Be2 f5 13. f4 Bf6 14. Qc2 e4 15. 0-0 Nd7 16. Rad1 Kh8 17. b4 b6 18. Bd4 Bb7 19. Bxf6 Qxf6 20. Qd2 Rac8 21. Qd4 b5 22. a4 bxc4 0-1

[Event "GER-ch NSV Online 1st"]
[Site "Playchess.com INT"]
[Date "2020.04.26"]
[Round "9"]
[White "Reichert, Matthias"]
[Black "Garbuszus, Juergen"]
[Result "1/2-1/2"]
[WhiteElo "1950"]
[BlackElo "2025"]
[PlyCount "150"]
[EventDate "2020.04.26"]
[EventType "swiss (blitz)"]
[EventRounds "13"]
[EventCountry "GER"]
[SourceTitle "CBM 196 Extra"]
[Source "ChessBase"]
[SourceDate "2020.07.31"]
[SourceVersion "1"]
[SourceVersionDate "2020.07.31"]
[SourceQuality "1"]

1. d4 f5 2. Nc3 Nf6 3. Bg5 d5 4. Bxf6 exf6 5. e3 Be6 6. h4 Nc6 7. h5 Qd7 8. Bb5 Bb4 9. Nge2 a6 10. Bxc6 Qxc6 11. a3 Ba5 12. b4 Bb6 13. Qd3 0-0-0 14. Nf4 Qd7 15. a4 c6 16. b5 Ba5 17. Ra3 Bb4 18. Rb3 c5 19. dxc5 Bxc5 20. bxa6 b6 21. 0-0 d4 22. a7 Kb7 23. Nb5 Bxb3 24. cxb3 dxe3 25. Qxd7+ Rxd7 26. Ne6 exf2+ 27. Kh1 Ra8 28. Kh2 g6 29. hxg6 hxg6 30. Kg3 g5 31. Nxc5+ bxc5 32. Rxf2 Rd3+ 33. Kh2 Rxb3 34. Rxf5 g4 35. Rxf6 g3+ 36. Kh3 Rxb5 37. axb5 Rxa7 38. Rc6 c4 39. Rxc4 Kb6 40. Kxg3 Kxb5 41. Rg4 Kc5 42. Rg5+ Kd6 43. Rg6+ Ke5 44. Kg4 Ra2 45. g3 Ra4+ 46. Kg5 Ra3 47. g4 Ra4 48. Rg8 Ke6 49. Re8+ Kf7 50. Re5 Rb4 51. Ra5 Rb6 52. Ra7+ Kg8 53. Kh5 Kf8 54. g5 Kg8 55. g6 Rb1 56. Ra5 Rh1+ 57. Kg5 Rg1+ 58. Kf6 Rf1+ 59. Rf5 Rg1 60. Rf4 Rg2 61. Rf5 Rg1 62. Rf4 Rg2 63. Ra4 Rf2+ 64. Kg5 Rg2+ 65. Rg4 Rf2 66. Kh6 Rh2+ 67. Kg5 Rf2 68. Rg3 Rh2 69. Rf3 Rg2+ 70. Kf6 Rb2 71. Rc3 Rb6+ 72. Kg5 Rb1 73. Rc5 Rg1+ 74. Kf6 Rf1+ 75. Rf5 Rg1 1/2-1/2

[Event "GER-ch Net Amateur Gr-A Vor2"]
[Site "Playchess.com INT"]
[Date "2020.04.15"]
[Round "1"]
[White "Westphal, Wolfgang"]
[Black "Garbuszus, Juergen"]
[Result "1-0"]
[WhiteElo "2036"]
[BlackElo "1765"]
[PlyCount "75"]
[EventDate "2020.04.15"]
[EventType "swiss (blitz)"]
[EventRounds "9"]
[EventCountry "GER"]
[SourceTitle "CBM 196 Extra"]
[Source "ChessBase"]
[SourceDate "2020.07.31"]
[SourceVersion "1"]
[SourceVersionDate "2020.07.31"]
[SourceQuality "1"]

1. e4 c5 2. Nf3 Nc6 3. Bb5 Nf6 4. Nc3 Qc7 5. h3 Nd4 6. 0-0 Nxb5 7. Nxb5 Qb6 8. Nc3 d6 9. e5 dxe5 10. Nxe5 e6 11. Qf3 Bd6 12. Nc4 Qd8 13. Nxd6+ Qxd6 14. d3 0-0 15. Bf4 Qb6 16. b3 Bd7 17. Be5 Bc6 18. Qg3 Kh8 19. Bxf6 gxf6 20. Qh4 Qd8 21. Rad1 f5 22. Qh6 Rg8 23. f3 Rg6 24. Qe3 b6 25. Ne2 Qd6 26. d4 Rgg8 27. dxc5 Qxc5 28. Qxc5 bxc5 29. Rd6 Rac8 30. Kf2 c4 31. Rfd1 Bd5 32. Nf4 Rgd8 33. Rxd8+ Rxd8 34. bxc4 Rc8 35. cxd5 Rxc2+ 36. Kg1 e5 37. Nh5 Rxa2 38. d6 1-0

[Event "Lueneburg op-A"]
[Site "Lueneburg"]
[Date "2019.08.07"]
[Round "5"]
[White "Garbuszus, Juergen"]
[Black "Hesse, Juergen"]
[Result "1-0"]
[WhiteElo "2049"]
[BlackElo "1877"]
[PlyCount "47"]
[EventDate "2019.08.03"]
[EventType "swiss"]
[EventRounds "9"]
[EventCountry "GER"]
[SourceTitle "CBM 191 Extra"]
[Source "ChessBase"]
[SourceDate "2019.09.30"]
[SourceVersion "1"]
[SourceVersionDate "2019.09.30"]
[SourceQuality "1"]

1. d4 Nf6 2. c4 g6 3. Nc3 Bg7 4. e4 d6 5. f3 0-0 6. Bg5 h6 7. Be3 c6 8. Qd2 Kh7 9. g4 e5 10. d5 c5 11. g5 Ng8 12. h4 h5 13. Bd3 f5 14. gxf6 Bxf6 15. 0-0-0 Bxh4 16. Qg2 Bf6 17. Nge2 a6 18. Rdg1 Qe8 19. f4 Ne7 20. fxe5 Bxe5 21. Qg5 Rh8 22. Rxh5+ Kg8 23. Rxh8+ Kxh8 24. Nf4 1-0

[Event "Dortmund Sparkassen op-A"]
[Site "Dortmund"]
[Date "2013.08.01"]
[Round "6"]
[White "Simanowski, Mio"]
[Black "Garbuszus, Juergen"]
[Result "1/2-1/2"]
[WhiteElo "1864"]
[BlackElo "2071"]
[PlyCount "103"]
[EventDate "2013.07.27"]
[EventType "swiss"]
[EventRounds "9"]
[EventCountry "GER"]
[SourceTitle "CBM 155 Extra"]
[Source "ChessBase"]
[SourceDate "2013.08.26"]
[SourceVersion "1"]
[SourceVersionDate "2013.08.26"]
[SourceQuality "1"]

1. e4 c5 2. Nf3 Nc6 3. d4 cxd4 4. Nxd4 Nf6 5. Nc3 e5 6. Ndb5 d6 7. Bg5 a6 8. Na3 b5 9. Nd5 Be7 10. Bxf6 Bxf6 11. Nxf6+ Qxf6 12. c3 Qg6 13. Qf3 0-0 14. Bd3 Bb7 15. Qg3 Qh6 16. Nc2 f5 17. f3 Ne7 18. h4 fxe4 19. fxe4 Rf4 20. Qg5 Qxg5 21. hxg5 Bxe4 22. 0-0-0 Bxd3 23. Rxd3 d5 24. Nb4 d4 25. cxd4 Rc8+ 26. Kb1 Nf5 27. Nxa6 Nxd4 28. Re1 Rf2 29. Rc3 Rxc3 30. bxc3 Ne2 31. Kc2 Rxg2 32. Kb3 h5 33. gxh6 gxh6 34. Rh1 Rg3 35. Rxh6 Nxc3 36. Kb4 Kg7 37. Re6 e4 38. Nc5 Nd5+ 39. Ka5 e3 40. Re5 Nc3 41. Ne4 Nxe4 42. Rxe4 Kf6 43. Kxb5 Kf5 44. Re8 Kf4 45. a4 Rg5+ 46. Kb6 Re5 47. Rf8+ Ke4 48. Rf1 Kd4 49. a5 Re6+ 50. Kb5 e2 51. Re1 Re3 52. a6 1/2-1/2

[Event "Dortmund Sparkassen op-A"]
[Site "Dortmund"]
[Date "2013.07.30"]
[Round "4"]
[White "Scheider, Julian"]
[Black "Garbuszus, Juergen"]
[Result "1-0"]
[WhiteElo "2305"]
[BlackElo "2071"]
[PlyCount "120"]
[EventDate "2013.07.27"]
[EventType "swiss"]
[EventRounds "9"]
[EventCountry "GER"]
[SourceTitle "CBM 155 Extra"]
[Source "ChessBase"]
[SourceDate "2013.08.26"]
[SourceVersion "1"]
[SourceVersionDate "2013.08.26"]
[SourceQuality "1"]

1. e4 c5 2. Nf3 Nc6 3. d4 cxd4 4. Nxd4 Nf6 5. Nc3 e5 6. Ndb5 d6 7. Bg5 a6 8. Na3 b5 9. Nd5 Be7 10. Bxf6 Bxf6 11. c4 b4 12. Nc2 0-0 13. h4 a5 14. g3 Rb8 15. b3 g6 16. Qd3 Bg7 17. Nde3 Nd4 18. Nxd4 exd4 19. Nd5 f5 20. Bg2 fxe4 21. Bxe4 Bf5 22. 0-0 Bxe4 23. Qxe4 Qd7 24. Kg2 Rbe8 25. Qd3 Qg4 26. Rae1 Re5 27. Ne7+ Kh8 28. Nc6 Rc5 29. Re4 Qd7 30. Nxd4 Qb7 31. Kh1 d5 32. cxd5 Qxd5 33. Rd1 Rd8 34. Qe2 Qd7 35. Re7 Qc8 36. Rd2 Rcd5 37. Nf3 Rxd2 38. Nxd2 Qc1+ 39. Kh2 h6 40. Nf3 Qb2 41. Qxb2 Bxb2 42. Kg2 Rd5 43. Ra7 Kg8 44. Kf1 g5 45. hxg5 hxg5 46. Ke2 g4 47. Nh2 Rg5 48. Rc7 Bc3 49. Rc4 Re5+ 50. Kd3 Rd5+ 51. Ke3 Rd2 52. a3 Rb2 53. axb4 axb4 54. Nxg4 Rxb3 55. Ke4 Rb1 56. Kf5 Rd1 57. Rc8+ Kg7 58. Rc7+ Kf8 59. Rb7 Rd3 60. Ne3 Be1 1-0

[Event "Niedersachsen-ch"]
[Site "Verden"]
[Date "2013.01.04"]
[Round "3"]
[White "Garbuszus, Juergen"]
[Black "Grigorian, Spartak"]
[Result "1-0"]
[WhiteElo "2054"]
[BlackElo "2141"]
[PlyCount "87"]
[EventDate "2013.01.03"]
[EventType "swiss"]
[EventRounds "7"]
[EventCountry "GER"]
[SourceTitle "EXT 2014"]
[Source "ChessBase"]
[SourceDate "2013.11.20"]
[SourceVersion "1"]
[SourceVersionDate "2013.11.20"]
[SourceQuality "1"]

1. d4 Nf6 2. c4 e6 3. Nf3 c5 4. d5 exd5 5. cxd5 d6 6. Nc3 g6 7. Nd2 Bg7 8. Nc4 0-0 9. Bf4 Ne8 10. Qd2 f5 11. g3 a6 12. a4 Qc7 13. Bg2 Nd7 14. 0-0 Ne5 15. Bxe5 Bxe5 16. a5 Qg7 17. Na4 Bd7 18. Nab6 Rd8 19. Kh1 f4 20. Ra3 g5 21. gxf4 Bxf4 22. e3 Be5 23. f4 Bf6 24. Nxd7 Rxd7 25. e4 Bd4 26. Rg3 Rdf7 27. Rxg5 Qxg5 28. fxg5 Rxf1+ 29. Bxf1 Rxf1+ 30. Kg2 Rg1+ 31. Kf3 Kg7 32. h4 Kg6 33. Qh2 Rf1+ 34. Kg4 h5+ 35. Kg3 Ng7 36. Qc2 Rg1+ 37. Kh2 Rf1 38. Qd3 Rf4 39. Kg3 Rg4+ 40. Kh3 Bf2 41. Nxd6 Rxh4+ 42. Kg2 Bd4 43. e5+ Kxg5 44. Nf7+ 1-0

[Event "Niedersachsen-ch"]
[Site "Verden"]
[Date "2013.01.04"]
[Round "4"]
[White "Izrailev, Alexander"]
[Black "Garbuszus, Juergen"]
[Result "0-1"]
[WhiteElo "2308"]
[BlackElo "2054"]
[PlyCount "54"]
[EventDate "2013.01.03"]
[EventType "swiss"]
[EventRounds "7"]
[EventCountry "GER"]
[SourceTitle "EXT 2014"]
[Source "ChessBase"]
[SourceDate "2013.11.20"]
[SourceVersion "1"]
[SourceVersionDate "2013.11.20"]
[SourceQuality "1"]

1. e4 c5 2. Nf3 Nc6 3. d4 cxd4 4. Nxd4 Nf6 5. Nc3 e5 6. Ndb5 d6 7. Bg5 a6 8. Na3 b5 9. Nd5 Be7 10. Bxf6 Bxf6 11. c4 Qa5+ 12. Qd2 Qxd2+ 13. Kxd2 Bg5+ 14. Kc3 0-0 15. cxb5 Nd4 16. bxa6 Rxa6 17. Bxa6 Bxa6 18. Nc4 f5 19. f4 Ne2+ 20. Kd2 Nxf4 21. Nxf4 Bxc4 22. Kc3 Rc8 23. Nh3 Bd5+ 24. Kb4 Bd2+ 25. Kb5 Bxe4 26. Rhd1 Rb8+ 27. Kc4 Rb4# 0-1

[Event "Znojmo op"]
[Site "Znojmo"]
[Date "2005.05.17"]
[Round "4"]
[White "Bartos, Jan"]
[Black "Garbuszus, Juergen"]
[Result "1-0"]
[WhiteElo "2293"]
[BlackElo "2090"]
[PlyCount "48"]
[EventDate "2005.05.15"]
[EventType "swiss"]
[EventRounds "9"]
[EventCountry "CZE"]
[SourceTitle "CBM 106 Extra"]
[Source "ChessBase"]
[SourceDate "2005.07.01"]
[SourceVersion "1"]
[SourceVersionDate "2005.07.01"]
[SourceQuality "1"]

1. d4 f5 2. g3 Nf6 3. Bg2 e6 4. Nf3 d6 5. 0-0 Be7 6. c4 0-0 7. Nc3 Qe8 8. b3 a5 9. Bb2 Na6 10. e3 c6 11. Qe2 Ne4 12. Nxe4 fxe4 13. Nd2 d5 14. f3 Qh5 15. a3 Bd7 16. Rae1 exf3 17. Bxf3 Qg5 18. e4 Nc7 19. Qg2 Rf7 20. exd5 exd5 21. cxd5 Nxd5 22. Re5 Bh3 23. Qxh3 Qxd2 24. Bxd5 cxd5 1-0